00436 2200169 4500001002100000008004100021035002000062245003700082100002100119260002800140300002400168020002200192084001400214082000800228650001500236990001500251INLIS000000000003318 ind  a0010-1225000139 aRahasia OtakcMichael S. Sweeney aSweeney, Michael aJakartabGramediac2024 a224 hlmc17 x 25 cm a978-623-134-100-6 a500 MIC r a500 aIlmu Murni a19829/B/26